Quiz Voiture: trouvez la marque en fonction de la voiture #9 - Statistiques

Statistiques générales
  • Ce quiz a été pris 129 fois
  • Le résultat moyen est 2 sur 16
Statistiques - réponses
Par images Réponse % Correct
RAM
98%
BAC
33%
Callaway
31%
Mega
30%
Nio
8%
Bolloré
3%
Luxgen
3%
Borgward
2%
Caparo
2%
Bajaj
1%
Ares Design
0%
Barkas
0%
Force Motors
0%
Foton
0%
FSO
0%
JAC
0%
Aucun quiz correspondant
Distribution des résultats
% des personnes avec chaque résultat
Percentile par nombre de réponses
Votre historique - résultats
Vous n’avez pas pris ce quiz